000 00502 a2200133 4500
001 ART_7550
005 20260410161720.0
008 260409a
245 1 0 _aExteriorización de la información contable patrimonial y de gestión del impacto de las industrias pasteras
100 1 _aFronti de García, Luisa
700 1 _aPahlen Acuña, Ricardo Jose María
700 1 _aD´Onofrio, Paula Alejandra
773 0 _tContabilidad y auditoría
_g- Año 13, Nº 26 (dic. 2007)
_wREV1723
999 _c16895
_d16895